Which Country is the Dish from - Statistics

General Stats
  • This quiz has been taken 51 times
    15 since last reset
  • The average score is 2 of 10
Answer Stats
Question Answer % Correct
Kimchi South Korea
67%
Sauerkraut Germany
33%
Nasi Goreng Indonesia
33%
Lasagna Italy
33%
Paella Spain
33%
Borscht Ukraine/Russia
33%
Poutine Canada
0%
Goulash Hungary
0%
Soto Indonesia
0%
Masgouf Iraq
0%
No matching quizzes found
Score Distribution
Percent of People with Each Score
Percentile by Number Answered
Your Score History
You have not taken this quiz since the last reset